000 00527nam a2200193 a 4500
001 1771589609007
003 YourLibrary
005 20260220174642.0
008 260220s2004##################000#0#eng##
020 _a9780199269020
082 0 4 _a320.601
_bFEI
100 1 _aFeintuck, Mike,
_eauthor.
245 1 0 _a'The Public Interest' in Regulation :
260 _bOxford University Press, USA,
_c2004.
300 _a280 pages
650 0 _aPolitical Science.
942 _cENGLISH
040 _aYourLibrary
_beng
_cYourLibrary
999 _c614764
_d614764